| 000 | 00306nam a2200109Ia 4500 | ||
|---|---|---|---|
| 008 | 230907s9999||||xx |||||||||||||| ||und|| | ||
| 082 |
_a657.02462131 _bRAU |
||
| 100 |
_aRauf,Bobby _9118026 |
||
| 245 |
_aFinance and accounting for energy engineers / _cBobby Rauf. |
||
| 260 | _c2019-09-27 | ||
| 942 |
_2ddc _cEB |
||
| 999 |
_c599631 _d599631 |
||